| 000 | 00861nam a22002772a 4500 | ||
|---|---|---|---|
| 001 | 22021 | ||
| 003 | BD-RjUL | ||
| 005 | 20211209000746.0 | ||
| 008 | 140306s1967 enk d 000 0 eng d | ||
| 035 |
_a(BD-RjUL)22086 _aOCLC ocm00394496 from D950628M |
||
| 040 |
_aDLC _cDLC _dUKM _dEQO _dBD-RjUL _beng |
||
| 041 | _aeng | ||
| 082 | 0 | 0 |
_a903 _bEVE 1967 |
| 245 | 0 | 0 |
_aEveryman's dictionary of dates / _cAudrey Butler. |
| 250 | _a5th ed. | ||
| 260 |
_aLondon : _bDent ; _aNew York : _bDutton, _c1967. |
||
| 300 |
_axxiv, 456 p. ; _c20 cm. |
||
| 490 | 1 | _aEveryman's reference library | |
| 500 | _aFirst published in 1911 under title: A Dictionary of dates | ||
| 650 | 0 |
_aHistory _vDictionaries _942242 |
|
| 700 | 1 |
_aButler, Audrey. _968014 |
|
| 830 | 0 |
_aEveryman's reference library _968018 |
|
| 942 |
_2ddc _cBK |
||
| 999 |
_c22021 _d22021 |
||